| 000 | 00723nam a22002537a 4500 | ||
|---|---|---|---|
| 001 | BR9903057 | ||
| 003 | BR-BrBNA | ||
| 005 | 20230928100436.0 | ||
| 007 | ta | ||
| 008 | 230509b bl.||||| |||| 00| 0 por d | ||
| 040 |
_aBR-BrBNA _bpor _cBiblioteca Nacional de Agricultura |
||
| 041 | _a(Por) | ||
| 072 |
_aL01 _b7100 |
||
| 090 | _ 7100 BR9903057 | ||
| 110 | 1 |
_aInstituto de Apicultura de Santa Catarina, Florianopolis (Brasil) _95969 |
|
| 245 | 1 | _aPrograma estadual de apicultura 1990; apicultura com tecnica e amor | |
| 260 | 3 |
_aFlorianopolis, SC (Brasil): _c1990. |
|
| 300 | _a24 p. | ||
| 500 | _a13 illus. | ||
| 650 | _aAbelha | ||
| 650 | _aApicultura | ||
| 909 |
_a202309 _bLucia _c55 _dLucia Elande |
||
| 942 | _cBK | ||
| 999 |
_c61344 _d61344 |
||